Loading...

Sociology of education: an introduction /

Bibliographic Details
Main Author: Morrish, Ivor
Format: Printed Book
Language:English
Published: London : George Allen and Unwin Limited, 1976.
Series:Unwin Education Books.10 Ed by Ivor Morrish
LEADER 00882nam a2200181Ia 4500
008 150624b xxu||||| |||| 00| 0 eng d
020 |a 0043010458 
020 |a 0043010458 
082 |a 370.193 
100 |a Morrish, Ivor 
245 |a Sociology of education:  |b an introduction /  |c Ivor Morrish 
260 |a London :  |b George Allen and Unwin Limited,  |c 1976. 
300 |a 304 p. 
490 |a Unwin Education Books.10 Ed by Ivor Morrish 
505 |a 1. The nature of sociology 2. The sociology of education 3. Society and culture 4. Social change and education 5. The state, politics and education 6. The economy and education 7. Social stratification and education 8. Social mobility and education 9. Th 
942 |c BK 
999 |c 29548  |d 29548 
952 |0 0  |1 0  |4 0  |6 370_193000000000000_MOR_S  |7 0  |9 29547  |a UL  |b UL  |c ST1  |d 1998-09-01  |l 7  |m 1  |o 370.193 MOR/S  |p 41001  |r 2019-07-09  |s 2019-05-16  |w 2012-10-27  |y BK